000
00272nam a2200109Ia 4500
008
220204s9999 xx 000 0 und d
082
_a
265.9
_b
SHE
100
_a
SHERMAN, Harold
245
0
_a
Your power to heal
260
_a
New York
_b
Fawcett Gold Medal
_c
1972
942
_c
BK
999
_c
33453
_d
33453